书目信息 |
| 题名: |
淘宝开店与营销圣经
|
|
| 作者: | 马佳琳 编著 | |
| 分册: | ||
| 出版信息: | 北京 科学出版社 2011 |
|
| 页数: | 10,286页 | |
| 开本: | 21cm | |
| 丛书名: | ||
| 单 册: | ||
| 中图分类: | F713.36 | |
| 科图分类: | ||
| 主题词: | 电子商务--商业经营--基本知识 , 商业经营 , 电子商务 | |
| 电子资源: | ||
| ISBN: | 978-7-03-030252-6 | |
| 000 | 00824nam0 2200241 450 | |
| 001 | 138976 | |
| 005 | 20140903090028.31 | |
| 010 | @a978-7-03-030252-6@dCNY 19.80 | |
| 100 | @a20110612d2011 em y0chiy50 ea | |
| 101 | 0 | @achi |
| 102 | @aCN@b110000 | |
| 105 | @aa z 000yy | |
| 200 | 1 | @a淘宝开店与营销圣经@Atao bao kai dian yu ying xiao sheng jing@b专著@f马佳琳编著 |
| 210 | @a北京@c科学出版社@d2011 | |
| 215 | @a10,286页@c图@d21cm | |
| 330 | @a本书介绍淘宝开店的基础知识和操作技法,不仅依据真实的网上交易流程介绍店铺管理、商品销售、物流发货和支付宝的使用方法,还归纳总结了店铺装修、商品推广和大量营销知识。 | |
| 606 | 0 | @a电子商务@x商业经营@x基本知识 |
| 606 | 0 | @a商业经营 |
| 606 | 0 | @a电子商务 |
| 690 | @aF713.36@v4 | |
| 701 | 0 | @a马佳琳@Ama jia lin@4编著 |
| 801 | 0 | @c20140903 |
| 905 | @a241430@dF713.36@eM071 | |
| 淘宝开店与营销圣经/马佳琳编著.-北京:科学出版社,2011 |
| 10,286页:图;21cm |
| ISBN 978-7-03-030252-6:CNY 19.80 |
| 本书介绍淘宝开店的基础知识和操作技法,不仅依据真实的网上交易流程介绍店铺管理、商品销售、物流发货和支付宝的使用方法,还归纳总结了店铺装修、商品推广和大量营销知识。 |
| ● |
| 相关链接 |
|
|
|
正题名:淘宝开店与营销圣经
索取号:F713.36/M071
 
预约/预借
| 序号 | 登录号 | 条形码 | 馆藏地/架位号 | 状态 | 备注 |
| 1 | 0828257 | 208282570 | 社科库409/409社科库 42排1列3层/ [索取号:F713.36/M071] | 在馆 | |
| 2 | 0828258 | 208282589 | 社科库409/409社科库 42排1列3层/ [索取号:F713.36/M071] | 在馆 | |
| 3 | 0828259 | 208282598 | 社科库409/409社科库 42排1列3层/ [索取号:F713.36/M071] | 在馆 |